Melbourne Demons Theme Song - Statistics

General Stats
  • This quiz has been taken 158 times
  • The average score is 60 of 65
Answer Stats
Answer % Correct
A
98%
A
98%
And
97%
And
97%
And
97%
And
97%
And
97%
Blue
97%
Blue
97%
Blue
97%
Red
97%
Red
97%
Red
97%
The
96%
The
96%
The
96%
The
96%
The
96%
The
96%
The
96%
The
96%
The
96%
The
96%
For
95%
For
95%
For
95%
For
95%
We
95%
We
95%
Me
94%
You
94%
You
94%
Auld
93%
Old
93%
Be
92%
Heart
92%
Flag
91%
Flag
91%
Grand
91%
It's
91%
It's
91%
It's
91%
It's
91%
Love
90%
Flying
89%
High
89%
Team
89%
Team
89%
True
89%
Beats
88%
Emblem
88%
Emblem
88%
Of
88%
Of
88%
Sing
88%
Ev'ry
86%
Song
86%
Eye
85%
Keep
84%
On
84%
Your
84%
Forgot
78%
This
78%
Should
77%
Acquaintance
55%
No matching quizzes found
Score Distribution
Percent of People with Each Score
Percentile by Number Answered
Your Score History
You have not taken this quiz